| 000 -LEADER |
| fixed length control field |
00402nam a22001217a 4500 |
| 008 - FIXED-LENGTH DATA ELEMENTS--GENERAL INFORMATION |
| fixed length control field |
250924b ||||| |||| 00| 0 eng d |
| 020 ## - INTERNATIONAL STANDARD BOOK NUMBER |
| International Standard Book Number |
9781108963633 |
| 082 ## - DEWEY DECIMAL CLASSIFICATION NUMBER |
| Classification number |
370 HAR |
| 100 ## - MAIN ENTRY--PERSONAL NAME |
| Personal name |
Harper,Kathryn |
| Relator term |
AUTHOR |
| Language of a work |
ENGLISH |
| 245 ## - TITLE STATEMENT |
| Title |
CAMBRIDGE UNIVERSITY PRESS ( SECOND EDITION) |
| 260 ## - PUBLICATION, DISTRIBUTION, ETC. |
| Place of publication, distribution, etc. |
Shaftesbury Road Cambridge United Kingdom CB2 8EA |
| Name of publisher, distributor, etc. |
Cambridge University Press |
| Date of publication, distribution, etc. |
October 28, 2021 |
| 942 ## - ADDED ENTRY ELEMENTS (KOHA) |
| Source of classification or shelving scheme |
|